000
00326nam a2200109Ia 4500
008
200302s9999 xx 000 0 und d
100
_a
Michael Hensel & Others
245
_a
Emergent Technologies and Design Towards a Biological Paradigm for Architecture
260
_b
Published by Routledge
260
_c
2010
300
_a
256 P.,
999
_c
3245
_d
3245